000 00360 a2200109 4500
001 ART_2776
005 20260410161710.0
008 260409a
245 1 0 _aReconsideración de la teoría de la división internacional del trabajo
100 1 _aDi Tella, Guido
773 0 _tDesarrollo económico
_g- Vol. 2, Nº 4 (ene./mar. 1963)
_wREV1174
999 _c15971
_d15971